000
00438nam a2200181Ia 4500
008
090124s9999 xx 000 0 und d
082
_b
123179
100
_a
राजे शैलजा
245
_a
सौदा
250
_a
1
260
_c
1989
300
_a
165
600
_a
राजे शैलजा
630
_a
सौदा
700
_a
राजे शैलजा
730
_a
सौदा
942
_c
BOOK
999
_c
169265
_d
169265